| 000 | 01934nam a2200301 a 4500 | ||
|---|---|---|---|
| 001 | 78310 | ||
| 003 | BD-RjUL | ||
| 005 | 20211209083121.0 | ||
| 008 | 210907s1999 bg a|||| m||| 00| 0 ben d | ||
| 035 | _a(BD-RjUL)78536 | ||
| 040 |
_aBD-RjUL _bben / eng _cBD-RjUL _dBD-RjUL |
||
| 041 | _aben | ||
| 082 |
_a330.954924 _bRAC 1999 _223 |
||
| 100 |
_aরহমান, মো. হাফিজুর _9247485 |
||
| 245 | 1 | 0 |
_aচাঁপাইনবাবগঞ্জ জেলার টেকসই পল্লী উন্নয়ন / _cমো. হাফিজুর রহমান ; _6তত্ত্বাবধায়ক : মো. আবু হানিফ শেখ |
| 246 | _aSustainable Rural Development of Chapai Nawabganj District | ||
| 260 |
_aরাজশাহী : _bভূগোল ও পরিবেশবিদ্যা বিভাগ, রাজশাহী বিশ্ববিদ্যালয়, _c১৯৯৯ |
||
| 300 |
_axiv, ১৬২ পাতা : _bচিএ ; _c২৯ সেমি. |
||
| 502 | _aথিসিস (এম. ফিল.) -- ভূগোল ও পরিবেশবিদ্যা বিভাগ,রাজশাহী বিশ্ববিদ্যালয়, ১৯৯৯ | ||
| 504 | _aগ্রন্থপঞ্জি : পাতা ১৫৭-১৬১ | ||
| 600 |
_c _9247804 |
||
| 650 |
_aগ্রামীণ উন্নয়ন _xবাংলাদেশ _zচাঁপাই নবাবগঞ্জ জেলা _9247486 |
||
| 650 |
_aRural development _xBangladesh _zChapai Nawabganj District _9247487 |
||
| 650 |
_aটেকসই উন্নয়ন _xবাংলাদেশ _zচাঁপাই নবাবগঞ্জ জেলা _9247668 |
||
| 650 |
_aSustainable development _xBangladesh. _zChapai Nawabganj District _9247669 |
||
| 700 |
_aশেখ, মো. আবু হানিফ, তত্ত্বাবধায়ক _9247488 |
||
| 942 |
_2ddc _cTHE |
||
| 999 |
_c78310 _d78310 |
||